Statistieken voor Alle landen waar een F in zit.

Klik hier om de quiz te nemen!

Algemene statistieken

  • Deze quiz is 51 keer genomen
  • De gemiddelde score is 5 van 8

Antwoordstatistieken

Antwoord% Correct
Finland
100%
Fiji
89%
Frankrijk
89%
Filipijnen
75%
Zuid-Afrika
47%
Afghanistan
33%
Centraal-Afrikaanse Republiek
31%
Burkina Faso
22%

Scoreverdeling

Percentiel versus Aantal Correcte Antwoorden

Procent van Mensen met Elke Score

Uw Scoregeschiedenis

U heeft deze quiz nog niet genomen